Kingship and Consent in Anglo-Saxon England, 871-978

Podrobná bibliografie
Hlavní autor: Levi Roach
Médium: Elektronický zdroj E-kniha
Jazyk:English
Vydáno: Cambridge University Press, 10/05/2013
Vydání:1
Edice:Cambridge Studies in Medieval Life and Thought: Fourth Series
Témata:
On-line přístup:Full text available on Cambridge University Press
Off-campus access
LEADER 01338pam a2200301 a 4500
001 AALebookCAM001050
003 BD-DhAAL
006 m||||||||d||||||||
007 cr||||||||||||
008 221123s9999 xxuabf fo j 001 0 eng d
020 |a 9781107036536 
040 |a BD-DhAAL  |c BD-DhAAL 
100 1 |a Levi Roach 
245 0 0 |h [electronic resource]  |a Kingship and Consent in Anglo-Saxon England, 871-978 
250 |a 1 
260 |b Cambridge University Press,  |c 10/05/2013 
300 |a 1 online resource 
490 1 |a Cambridge Studies in Medieval Life and Thought: Fourth Series 
500 |a <strong>Off-Campus Access:</strong> Athens ID and Password Required 
500 |a <strong>On-Campus Access:</strong> No User ID or Password Required 
506 |a Electronic access restricted to authorized BRAC University faculty, staff and students 
538 |a Mode of access: Internet 
650 4 |a British history before 1066 
650 4 |a European history 450-1000 
655 7 |a Electronic books  |2 Library of Congress 
830 0 |a Cambridge Studies in Medieval Life and Thought: Fourth Series 
856 4 0 |z Full text available on Cambridge University Press  |u http://dx.doi.org/10.1017/CBO9781139567756 
856 4 0 |z Off-campus access  |u https://go.openathens.net/redirector/bracu.ac.bd?url=http%3A%2F%2Fdx.doi.org%2F10.1017%2FCBO9781139567756